Supply chain and logistics management : (Record no. 98752)

MARC details
000 -LEADER
fixed length control field 00912nam a22002417a 4500
003 - CONTROL NUMBER IDENTIFIER
control field URS
005 - DATE AND TIME OF LATEST TRANSACTION
control field 20260223164110.0
008 - FIXED-LENGTH DATA ELEMENTS--GENERAL INFORMATION
fixed length control field 260218t2025 ph ||||| |||| 001 0 eng d
020 ## - INTERNATIONAL STANDARD BOOK NUMBER
International Standard Book Number 9786214272037
040 ## - CATALOGING SOURCE
Original cataloging agency DLC
Language of cataloging eng
Transcribing agency DLC
Modifying agency DLC
-- URS
Description conventions rda
082 ## - DEWEY DECIMAL CLASSIFICATION NUMBER
Classification number 658.7
Item number G1651 2025
100 ## - MAIN ENTRY--PERSONAL NAME
Personal name Garcia, Lorma S.P.,
Relator term authors.
245 ## - TITLE STATEMENT
Title Supply chain and logistics management :
Remainder of title enhancing competitive edge and customer satisfaction /
Statement of responsibility, etc. Lorma S.P. Garcia, and Ernesto H. Mendoza.
264 ## - PRODUCTION, PUBLICATION, DISTRIBUTION, MANUFACTURE, AND COPYRIGHT NOTICE
Place of production, publication, distribution, manufacture Intramuros, Manila:
Name of producer, publisher, distributor, manufacturer Unlimited Books Library Services & Publishing Inc.,
Date of production, publication, distribution, manufacture, or copyright notice [2025]
300 ## - PHYSICAL DESCRIPTION
Extent xii, 417 pages;
Dimensions 25 cm.
336 ## - CONTENT TYPE
Source rdacontent
Content type term text
Content type code txt
337 ## - MEDIA TYPE
Source rdamedia
Media type term unmediated
Media type code n
338 ## - CARRIER TYPE
Source rdacarrier
Carrier type term volume
Carrier type code nc
504 ## - BIBLIOGRAPHY, ETC. NOTE
Bibliography, etc. note Includes bibliographical references (pages 415-417), and indexes.
650 ## - SUBJECT ADDED ENTRY--TOPICAL TERM
Topical term or geographic name entry element Supply chain management.
700 ## - ADDED ENTRY--PERSONAL NAME
Personal name Mendoza, Ernesto H.,
Relator term authors.
942 ## - ADDED ENTRY ELEMENTS (KOHA)
Source of classification or shelving scheme Dewey Decimal Classification
Koha item type Filipiniana
Holdings
Withdrawn status Source of classification or shelving scheme Damaged status Not for loan Home library Current library Shelving location Date acquired Total Checkouts Full call number Barcode Date last seen Price effective from Koha item type
  Dewey Decimal Classification     Pililla College Library Pililla College Library Filipiniana Section 02/18/2026   658.7 G1651 2025 URSPIL-7447 02/18/2026 02/18/2026 Filipiniana

University of Rizal System
Email us at univlibservices@urs.edu.ph

Visit our Website www.urs.edu.ph/library